01602nam a2200289 a 450000100100000000500170001000800410002704000250006808200180009310000370011124501470014825000120029526000670030730000210037450000730039550400410046865000540050965000470056365000450061004900090065595201310066495201310079595201310092695201160105795201220117399900170129500001523120240430192715.0100203s2004 dr 001 0 spa d aDO-SdBNPbspacBNPHU a001.42bF825p1 aFranco Pechardo, Franklin93447610aPara aprender a investigar :bmétodos y técnicas para la elaboración de tesis e informes de investigación /cFranklin Franco Pechardo. a3a. ed. aSanto Domingo :bSociedad Editorial Dominicana,c2004.fBúho a136 p. ;c21 cm. aIncluye referencias bibliográficas y notas al pie de las páginas aIncluye bibliografía (p. 133 -134) 4aInvestigacionesxMetodología de escritos934477 0aTesis y disertaciones académicas 919630 4aRedacción de escritos técnicos91600 aBNPD 001054708DSaGRbGRcCTd2010-02-03iLF1l0o001.42 F825pp15231-30r2020-06-25te. 3w2020-06-25yLFDSZPréstamo en sala 001054708DSaGRbGRcCTd2010-02-03iLF1l0o001.42 F825pp15231-40r2020-06-25te. 5w2020-06-25yLFDSZPréstamo en sala 001054708DSaGRbGRcCTd2010-02-03iLF1l0o001.42 F825pp15231-50r2020-06-25te. 4w2020-06-25yLFDSZPréstamo en sala 0010718PDaPDbPDcCTd2010-02-03iLF1l0o001.42 F825pp15231-10r2020-06-25w2020-06-25yLFPDZNo se presta 0010718PDaPDbPDcCTd2010-02-03iLF1l0o001.42 F825pp15231-20r2020-06-25te. 2w2020-06-25yLFPDZNo se presta c14800d14800